000 01106cab a2200409 4500
001 WB3110-39
008 090401t1995 xxu||||| |||| 00| 0 eng d
035 _a(Sirsi) u22727
041 _aeng
245 _aEuropean business property
260 _c1995
300 _aLOAN
350 _a0
490 _aFinancial Times
_v10 March 1995, 35-38(4)
520 _aConsiders the demand for business space in Europe and examines the situation in individual countries.
650 _aBELGIUM
650 _aBUSINESS SPACE
650 _aCORPORATE RESTRUCTURING
650 _aEUROPE
650 _aEUROPEAN OFFICES
650 _aFRANCE
650 _aGERMANY
650 _aGREAT BRITAIN
650 _aITALY
650 _aNETHERLANDS
650 _aOECD
650 _aOFFICE SPACE
650 _aOFFICES
650 _aORGANISATION FOR ECONOMIC CO-OPERATION AND DEVELOPMENT
650 _aRECESSION
650 _aSWEDEN
650 _aWHIRLPOOL
690 _aPROPERTY-COMMERCIAL PROPERTY-COMMERCIAL PROPERTY MARKET
690 _aOVERSEAS-EUROPE
942 _n0
948 _c04/03/1997
999 _c15236
_d15236